|
|
|
|
| LEADER |
01857nam a22004454a 4500 |
| 001 |
33278 |
| 003 |
BD-DhAAL |
| 005 |
20250625121701.0 |
| 008 |
180707t2005 nyuae 000 0deng |
| 010 |
|
|
|a 2004026870
|
| 015 |
|
|
|a GBA531493
|2 bnb
|
| 016 |
7 |
|
|a 013175149
|2 Uk
|
| 020 |
|
|
|a 1568985215 (pbk. : alk. paper)
|
| 040 |
|
|
|a DLC
|c DLC
|d OCLCQ
|d UKM
|d C#P
|d BAKER
|d YUS
|d MYG
|d BD-DhAAL
|
| 042 |
|
|
|a pcc
|
| 043 |
|
|
|a n-us-oh
|
| 049 |
|
|
|a MYGG
|
| 050 |
0 |
4 |
|a NA2300.K66.M33 2005
|
| 082 |
0 |
0 |
|a 727.0977157
|2 22
|
| 245 |
0 |
0 |
|a Mack Scogin, Merrill Elam Architects :
|b Knowlton School of Architecture, the Ohio State University, Columbus, Ohio /
|c Todd Gannon, Margaret Fletcher andTeresa Ball, volume editors.
|
| 260 |
|
|
|a New York :
|b Princeton Architectural Press,
|c c2005.
|
| 300 |
|
|
|a 168 pages :
|b illustrations (chiefly color), plans (some color) ;
|c 23 cm.
|
| 490 |
1 |
|
|a Source books in architecture ;
|v 6
|
| 526 |
|
|
|a ARC
|
| 541 |
|
|
|a Department of Architecture
|e 33278
|
| 610 |
2 |
0 |
|a Knowlton School of Architecture.
|9 26677
|
| 610 |
2 |
0 |
|a Knowlton Hall (Columbus, Ohio)
|9 26678
|
| 610 |
2 |
0 |
|a Mack Scogin Merrill Elam Architects.
|9 26679
|
| 650 |
|
0 |
|a Architecture
|z Ohio
|z Columbus
|x History
|y 21st century.
|9 26680
|
| 650 |
|
0 |
|a Architecture.
|
| 651 |
|
0 |
|a Columbus (Ohio)
|x Buildings, structures, etc.
|9 26681
|
| 700 |
1 |
|
|a Scogin, Mack.
|9 26682
|
| 700 |
1 |
|
|a Elam, Merrill.
|9 26683
|
| 700 |
1 |
|
|a Gannon, Todd.
|9 26684
|
| 700 |
1 |
|
|a Fletcher, Margaret.
|9 26685
|
| 700 |
1 |
|
|a Ball, Teresa.
|9 26686
|
| 852 |
|
|
|a Department of Architecture
|c General Stacks
|
| 942 |
|
|
|2 ddc
|c BK
|
| 999 |
|
|
|c 39596
|d 39596
|
| 952 |
|
|
|0 0
|1 0
|2 ddc
|4 0
|6 727_097715700000000_MAC
|7 0
|9 63612
|a BRACUL
|b BRACUL
|c GEN
|d 2018-07-07
|e Department of Architecture
|l 1
|m 1
|o 727.0977157 MAC
|p 3010033278
|r 2025-07-07
|s 2025-06-23
|t 1
|w 2018-07-07
|y BK
|x Transferred from ARC to BRACUL on 28/12/2023
|